[Event "Moscow op-E"]
[Site "Moscow"]
[Date "2011.02.01"]
[Round "4.142"]
[White "Petrosyan, Tigran S"]
[Black "Bogdanov, Nikolay"]
[Result "1/2-1/2"]
[WhiteElo "2202"]
[BlackElo "1969"]
[PlyCount "76"]
[EventDate "2011.01.29"]
[EventType "swiss"]
[EventRounds "9"]
[EventCountry "RUS"]
[SourceTitle "EXT 2022"]
[Source "ChessBase"]
[SourceDate "2021.10.06"]
[SourceVersion "1"]
[SourceVersionDate "2021.10.06"]
[SourceQuality "1"]

1. Nf3 Nf6 2. g3 g6 3. Bg2 Bg7 4. 0-0 0-0 5. c4 d6 6. d4 Nbd7 7. Nc3 e5 8. e4 c6 9. d5 cxd5 10. cxd5 Nc5 11. Nd2 a5 12. Re1 b6 13. Bf1 Ne8 14. Nc4 f5 15. exf5 gxf5 16. f4 Ba6 17. fxe5 Bxc4 18. Bxc4 dxe5 19. d6+ Kh8 20. Nb5 f4 21. Qd5 Nf6 22. Qg2 f3 23. Qxf3 Nfe4 24. Qh5 Nxd6 25. Bg5 Qb8 26. Nxd6 Qxd6 27. Rad1 Qc7 28. Qh4 Rae8 29. Bb5 Re6 30. Rf1 Rxf1+ 31. Rxf1 Qd6 32. Bc4 Re8 33. Be3 Rf8 34. Rxf8+ Qxf8 35. Qg4 Qd8 36. a3 a4 37. Qe2 Qd6 38. Qc2 e4 1/2-1/2

[Event "Moscow op-E"]
[Site "Moscow"]
[Date "2011.01.31"]
[Round "3.137"]
[White "Bogdanov, Nikolay"]
[Black "Kozganbay, Erkin"]
[Result "1/2-1/2"]
[WhiteElo "1969"]
[BlackElo "2211"]
[PlyCount "112"]
[EventDate "2011.01.29"]
[EventType "swiss"]
[EventRounds "9"]
[EventCountry "RUS"]
[SourceTitle "EXT 2022"]
[Source "ChessBase"]
[SourceDate "2021.10.06"]
[SourceVersion "1"]
[SourceVersionDate "2021.10.06"]
[SourceQuality "1"]

1. Nf3 Nf6 2. c4 g6 3. Nc3 d5 4. cxd5 Nxd5 5. e4 Nxc3 6. dxc3 Qxd1+ 7. Kxd1 f6 8. Bc4 e5 9. Be3 Nd7 10. Ke2 Nc5 11. Nd2 Bd7 12. b4 Na4 13. Rhc1 a5 14. Rab1 b5 15. Bd3 axb4 16. cxb4 Bd6 17. Bc5 Bxc5 18. bxc5 c6 19. Ke3 Be6 20. a3 Ke7 21. f4 exf4+ 22. Kxf4 Rhd8 23. Ke3 Rd7 24. Nf3 Rad8 25. Be2 Bg4 26. Rc2 Kf7 27. Rb4 Re7 28. Ng5+ fxg5 29. Bxg4 h5 30. Be2 Re5 31. Bxb5 cxb5 32. Rxb5 Rc8 33. Kd4 Ke6 34. Ra5 Rd8+ 35. Ke3 Nxc5 36. Raxc5 Rxc5 37. Rxc5 Ra8 38. Rxg5 Kf6 39. Kf4 Rxa3 40. h4 Ra2 41. g3 Rf2+ 42. Ke3 Ra2 43. Rc5 Ra1 44. Rc6+ Kf7 45. Kf4 Ra5 46. Rd6 Rb5 47. e5 Rb3 48. Rd4 Ra3 49. g4 hxg4 50. Kxg4 Re3 51. Rd7+ Ke6 52. Rd6+ Kf7 53. Kf4 Re1 54. Rd7+ Ke6 55. Rg7 Rg1 56. h5 Rf1+ 1/2-1/2

[Event "Nezhmetdinov Memorial 29th"]
[Site "Kazan"]
[Date "2007.06.07"]
[Round "7"]
[White "Bogdanov, Nikolay"]
[Black "Gorozhankina, Julia"]
[Result "0-1"]
[WhiteElo "1963"]
[BlackElo "1988"]
[PlyCount "80"]
[EventDate "2007.06.01"]
[EventType "swiss"]
[EventRounds "9"]
[EventCountry "RUS"]
[SourceTitle "CBM 119 Extra"]
[Source "ChessBase"]
[SourceDate "2007.09.04"]
[SourceVersion "1"]
[SourceVersionDate "2007.09.04"]
[SourceQuality "1"]

1. d4 Nf6 2. c4 g6 3. Nc3 d5 4. cxd5 Nxd5 5. e4 Nxc3 6. bxc3 Bg7 7. Bc4 c5 8. Ne2 0-0 9. 0-0 Nc6 10. Be3 Bd7 11. Rb1 cxd4 12. cxd4 Na5 13. Bb5 a6 14. Bxd7 Qxd7 15. Qd3 Rac8 16. Rfd1 Nc4 17. Bg5 Rfd8 18. f4 b5 19. Bh4 Re8 20. h3 Nb6 21. Bf2 Na4 22. Be1 Rc4 23. Ba5 Rec8 24. Rd2 Qc6 25. d5 Qc5+ 26. Kh2 b4 27. Bxb4 Rxb4 28. Rxb4 Qxb4 29. Qxa6 Rb8 30. Qd3 Nc5 31. Qe3 Nxe4 32. Rd3 Nc5 33. Rd1 Qe4 34. Qxe4 Nxe4 35. Nd4 Nc3 36. Rd3 Bxd4 37. Rxd4 Nxa2 38. Kg3 Rd8 39. Kf3 Nc3 40. Rd3 Nxd5 0-1

[Event "Nezhmetdinov Memorial 29th"]
[Site "Kazan"]
[Date "2007.06.06"]
[Round "6"]
[White "Zlachevskiy, Leonid"]
[Black "Bogdanov, Nikolay"]
[Result "1/2-1/2"]
[WhiteElo "2157"]
[BlackElo "1963"]
[PlyCount "81"]
[EventDate "2007.06.01"]
[EventType "swiss"]
[EventRounds "9"]
[EventCountry "RUS"]
[SourceTitle "CBM 119 Extra"]
[Source "ChessBase"]
[SourceDate "2007.09.04"]
[SourceVersion "1"]
[SourceVersionDate "2007.09.04"]
[SourceQuality "1"]

1. e4 e6 2. d4 d5 3. Nc3 Bb4 4. e5 c5 5. a3 Bxc3+ 6. bxc3 Ne7 7. Nf3 Nbc6 8. Be2 Qc7 9. 0-0 Bd7 10. a4 b6 11. Ba3 Na5 12. Bd3 Nb7 13. Ng5 h6 14. Qh5 g6 15. Qh3 Nc6 16. Rfd1 Ke7 17. Nf3 Rag8 18. Qg3 g5 19. h4 Kd8 20. hxg5 c4 21. Bf1 hxg5 22. Nxg5 Kc8 23. f4 Be8 24. Qf2 Ne7 25. a5 Nxa5 26. Bd6 Qb7 27. Rab1 Nac6 28. Be2 Rh6 29. Bg4 Rgh8 30. Qf3 Rh1+ 31. Kf2 Rxd1 32. Rxd1 Qa6 33. Qe2 Ng6 34. f5 exf5 35. Bxf5+ Kb7 36. Qg4 Qa2 37. Re1 Rh4 38. Bc8+ Ka8 39. Qe2 Nf4 40. Qd2 Rh2 41. Bh3 1/2-1/2

[Event "Nezhmetdinov Memorial 29th"]
[Site "Kazan"]
[Date "2007.06.05"]
[Round "5"]
[White "Bogdanov, Nikolay"]
[Black "Kutlaev, Maxim"]
[Result "0-1"]
[WhiteElo "1963"]
[BlackElo "2242"]
[PlyCount "66"]
[EventDate "2007.06.01"]
[EventType "swiss"]
[EventRounds "9"]
[EventCountry "RUS"]
[SourceTitle "CBM 119 Extra"]
[Source "ChessBase"]
[SourceDate "2007.09.04"]
[SourceVersion "1"]
[SourceVersionDate "2007.09.04"]
[SourceQuality "1"]

1. d4 Nf6 2. Nf3 e6 3. e3 b6 4. c4 Bb7 5. Bd3 Be7 6. 0-0 0-0 7. b3 d6 8. Nc3 c5 9. d5 exd5 10. cxd5 Nxd5 11. Nxd5 Bxd5 12. Bxh7+ Kxh7 13. Qxd5 Nd7 14. Bb2 Bf6 15. Bxf6 Nxf6 16. Qd3+ Kg8 17. Rad1 d5 18. Qf5 Re8 19. Rd2 Qc7 20. Rc1 a5 21. Rd4 Rad8 22. Rdd1 Re4 23. Nd2 Re5 24. Qd3 Rh5 25. Nf3 Ne4 26. h3 Rd6 27. Nd4 Rg6 28. Ne2 Rxg2+ 29. Kxg2 Rg5+ 30. Ng3 Rxg3+ 31. Kf1 Rf3 32. Qxd5 Rxf2+ 33. Ke1 Qg3 0-1

[Event "Nezhmetdinov Memorial 29th"]
[Site "Kazan"]
[Date "2007.06.03"]
[Round "3"]
[White "Bogdanov, Nikolay"]
[Black "Bronnikov, Konstantin Alexandr"]
[Result "1-0"]
[WhiteElo "1963"]
[BlackElo "2198"]
[PlyCount "81"]
[EventDate "2007.06.01"]
[EventType "swiss"]
[EventRounds "9"]
[EventCountry "RUS"]
[SourceTitle "CBM 119 Extra"]
[Source "ChessBase"]
[SourceDate "2007.09.04"]
[SourceVersion "1"]
[SourceVersionDate "2007.09.04"]
[SourceQuality "1"]

1. d4 f5 2. c4 Nf6 3. Nc3 e6 4. Bg5 Bb4 5. Nf3 0-0 6. a3 Bxc3+ 7. bxc3 d6 8. e3 h6 9. Bh4 g5 10. Bg3 Ne4 11. Qc2 Nd7 12. Nd2 Nxd2 13. Kxd2 e5 14. h4 g4 15. Kc1 Qf6 16. h5 f4 17. Bh4 Qf7 18. Bd3 Nb6 19. Bg6 Qg7 20. exf4 exd4 21. Re1 d3 22. Qxd3 Bf5 23. Bxf5 Rxf5 24. Re7 Rf7 25. Re6 Kf8 26. Ra2 Na4 27. Re3 Rxf4 28. Rae2 Nc5 29. Qd5 Qf7 30. Re7 Qxd5 31. cxd5 Nd3+ 32. Kc2 Ne5 33. Rxc7 Rf7 34. Rxf7+ Kxf7 35. Re4 Rc8 36. Rb4 b6 37. Rf4+ Kg8 38. Rf6 Nf7 39. Rg6+ Kf8 40. Rxg4 Rc5 41. Rd4 1-0